00000000cas 2200000zi 4500
0019.908023
003CaOODSP
00520260127095412
006m     o  d f      
007cr cn|||||||||
008220211c20109999oncar p|o    f0###b0fre|d
022 |a2816-6779
040 |aCaOODSP|bfre|erda|cCaOODSP
043 |an-cn---
0861 |aT1-33/2F-PDF
1101 |aCanada. |bTransports Canada, |eauteur, |eorganisme de publication.
222 0|aÉtats financiers de Transports Canada (non vérifiés)
24510|aÉtats financiers de Transports Canada (non vérifiés), exercice terminé ...
2463 |iLes livraisons 2012-2013 comportement le titre : |aÉtats financiers de Transports Canada (non audités), exercice terminé ...
2463 |iLes livraisons 2014- comportement le titre : |aÉtats financiers de Transports Canada (non audités) pour l'exercice terminé ...
264 1|a[Ottawa] : |bTransports Canada, |c2010-
310 |aAnnuel
336 |atexte|btxt|2rdacontent/fre
337 |ainformatique|bc|2rdamedia/fre
338 |aressource en ligne|bcr|2rdacarrier/fre
3621 |aParaît depuis le 31 mars 2010.
500 |aPublié aussi en anglais sous le titre : Financial statements of Transport Canada (unaudited) for the year ended ...
588 |aDescription d'après : 2010.
588 |aDernière livraison consultée : 2021.
61010|aCanada. |bTransports Canada|xCrédits budgétaires et dépenses|vPériodiques.
650 6|aDépenses publiques|xPolitique gouvernementale|zCanada|vPériodiques.
655 7|aPériodiques|2rvmgf
77508|tFinancial statements of Transport Canada (unaudited) for the year ended ...|w(CaOODSP)9.908024